• 首页
  • 本馆介绍
  • 公告通知
  • 最新文献
  • 馆藏检索
  • 电子资源
  • 读者导购
  • 参考咨询
  • 我的图书馆
  • 登录
  • 详细信息显示
  • 放入我的书架
  • 预约/预借图书
  • 作者相关作品
  • 分类相关作品
  • 丛书相关作品
  • 出版社相关作品

书目信息

  • 表格格式
  • 工作单格式
  • 卡片格式
题名:
坚决彻底粉碎胡风反革命集团
    
 
作者: 本社编
分册: 2  
出版信息: 北京   人民出版社  1955
页数: 584页
开本: 20cm
丛书名:
单 册:
中图分类: D651
科图分类:
主题词: 政治--中国
电子资源:
ISBN:
000 00510nam0 2200181 450
001 0741384130
005 20070926113108.42
010    @dCNY1.05
100    @a20070926d1955 km y0chiy0120 ea
101 0  @achi
102    @aCN@b110000
200 1  @a坚决彻底粉碎胡风反革命集团@Ajian jue che di fen sui hu feng fan ge ming ji tuan@h2@f本社编@Fben she bian
210    @a北京@c人民出版社@d1955
215    @a584页@d20cm
606 0  @a政治@x中国
690    @aD651@v3
801  0 @aCN@bPFT@c20070926
905    @a10447@dD651@e16:2
    
    坚决彻底粉碎胡风反革命集团.2/本社编.-北京:人民出版社,1955
    584页;20cm
    
    
    ISBN :CNY1.05
    
●
相关链接 在E读中查询图书 在五车中查询图书 在当当中查询图书 在豆瓣中查询图书


正题名:坚决彻底粉碎胡风反革命集团     索取号:D651/16:2         预约/预借

序号 登录号 条形码 馆藏地/架位号 状态 备注
1 0609675   206096758   第一样本阅览室/ [索取号:D651/16:2] 在馆    
唐山师范学院图书馆 欢迎您!
大连网信软件有限公司© 版权所有